header

Mammals of South America (Record no. 10523)

MARC details
000 -LEADER
fixed length control field 01463nam a2200373 a 4500
082 04 - DEWEY DECIMAL CLASSIFICATION NUMBER
Classification number 599.098
245 00 - TITLE STATEMENT
Title Mammals of South America
260 ## - PUBLICATION, DISTRIBUTION, ETC. (IMPRINT)
Place of publication Chicago :
Name of publisher University of Chicago Press,
Year of publication 2007-
300 ## - PHYSICAL DESCRIPTION
Number of Pages 669 p. :
Other physical details maps.
505 1# - FORMATTED CONTENTS NOTE
Formatted contents note v. 1. Marsupials, xenarthrans, shrews, and bats
650 #0 - SUBJECT ADDED ENTRY--TOPICAL TERM
Topical Term Mammals
Topical Term Mammals
Topical Term Mammals
700 1# - ADDED ENTRY--PERSONAL NAME
Personal name Gardner, Alfred L.
856 40 - ELECTRONIC LOCATION AND ACCESS
Uniform Resource Identifier http://site.ebrary.com/lib/rucke/Doc?id=10265949

No items available.

© 2026 Rongo University
Contact us: librarian | system librarian | Rongo university